Geographical Locations starting with Q and R - Statistics

General Stats
  • This quiz has been taken 102 times
  • The average score is 17 of 20
Answer Stats
Hint Answer % Correct
A country in the Middle East Qatar
100%
One of the five boroughs of New York Queens
100%
One of the six states of Australia Queensland
100%
Province in eastern Canada Quebec
99%
Capital of Ecuador Quito
95%
The capital of Morocco Rabat
94%
A long, narrow sea between Africa and the Arabian peninsula {Red} Sea
94%
The capital of Iceland Reykjavik
94%
The smallest U.S. state {Rhode} {Island}
94%
A river that flows through Switzerland, Germany, France, Belgium, and the Netherlands The {Rhine}
93%
Famous state and city in southeastern Brazil {Rio} {de} {Janeiro}
91%
The initials of the official name of South Korea ROK
83%
A people believed to have originated in India who were once known as Gypsies Roma
81%
Mozambique
80%
A mountain range in North America The {Rocky} Mountains
76%
African countries with a "Q" in their spellings Equatorial Guinea
66%
The largest city of Myanmar and the name of its capital until 2006 Rangoon
64%
Ancient river in northern Italy. Its crossing by Julius Caesar in 49 BC started a civil war The {Rubicon}
59%
Provincial capital of Saskatchewan, Canada Regina
52%
The only "Q" city in China with a population over 10 million Qingdao
39%
No matching quizzes found
Score Distribution
Percent of People with Each Score
Percentile by Number Answered
Your Score History
You have not taken this quiz